TWO RUNAWAYS (Record no. 3365)
[ view plain ]
| 000 -LEADER | |
|---|---|
| fixed length control field | 00298nam a22001337a 4500 |
| 020 ## - INTERNATIONAL STANDARD BOOK NUMBER | |
| ISBN | 0-87239-792-0 |
| 082 ## - DEWEY DECIMAL CLASSIFICATION NUMBER | |
| Classification number | 823 |
| Item number | JEN/T |
| 100 ## - MAIN ENTRY--AUTHOR NAME | |
| Personal name | JENKINS, JERRY B |
| 245 ## - TITLE STATEMENT | |
| Title | TWO RUNAWAYS |
| 260 ## - PUBLICATION, DISTRIBUTION, ETC. (IMPRINT) | |
| Place of publication | OHIO |
| Name of publisher | STANDARD PUBLICATIONS |
| Year of publication | 1984 |
| 300 ## - PHYSICAL DESCRIPTION | |
| Number of Pages | 124 |
| 650 ## - SUBJECT ADDED ENTRY--TOPICAL TERM | |
| Topical Term | NOVEL |
| Geographic subdivision | UNITED STATES |
| 942 ## - ADDED ENTRY ELEMENTS (KOHA) | |
| Koha item type | Books |
| Withdrawn status | Lost status | Home library | Current library | Shelving location | Date acquired | Source of acquisition | Full call number | Accession Number | Koha item type |
|---|---|---|---|---|---|---|---|---|---|
| Main Library | Main Library | SHELF-14F- ALPHABETICAL H,I --ENGLISH NOVELS & FICTIONS | 14/01/2019 | purchase | 823 JEN/T | 10399 | Books |